| 000 | 01664cam a22004694i 4500 | ||
|---|---|---|---|
| 003 | PE-LiUPU | ||
| 005 | 20250731173001.0 | ||
| 008 | 150623s r 000 0 d | ||
| 020 | _a1565076400 | ||
| 035 | _a(Sirsi) i9781565076402 | ||
| 040 |
_aPE-LiUPU _bspa _cPE-LiUPU _erda |
||
| 049 | _aPRUA | ||
| 082 | 0 | 4 |
_a220.93 _bP86 _221 |
| 100 | 1 |
_aPrice, Randall, _eautor. |
|
| 245 | 1 | 4 |
_aThe stones cry out / _cRandall Price. |
| 264 | 1 |
_aEugene, Oregon : _bHarvest House Publishers, _c1997. |
|
| 300 |
_a437 páginas : _bilustraciones fotos, gráficos, cuadros, ; _c20 centímetros |
||
| 336 |
_atext _2rdacontent |
||
| 337 |
_aunmediated _2rdamedia |
||
| 338 |
_avolume _2rdacarrier |
||
| 504 | _aIncluye bibliografía. | ||
| 505 | 0 | _aWhat can archaeology prove?. -New discoveries in archaelogy. -Listening to the stones today.What can archaeology prove?. -New discoveries in archaelogy. -Listening to the stones today. | |
| 526 | _aSEG42 | ||
| 526 | _aSEG41 | ||
| 526 | _aSEG40 | ||
| 526 | _aSEG39 | ||
| 526 | _aP94 | ||
| 526 | _aP87 | ||
| 526 | _aP86 | ||
| 526 | _aP85 | ||
| 526 | _aP77 | ||
| 526 | _aP76 | ||
| 526 | _aP35 | ||
| 630 |
_aBiblia _xAntigüedades. |
||
| 630 |
_aBiblia _xEvidencias, autoridad, etc. |
||
| 942 |
_2ddc _cBOOK |
||
| 949 |
_a220.93 P86 _wDEWEY _c1 _i45537 _lCCODEBUL1 _mBUL _r0 _sY _tBOOK _u2015-6-24 _xTEOLOGIA _PP35 _0COMPRA _o.STAFF. Colección General |
||
| 994 |
_aC0 _bPEPRU |
||
| 596 | _a1 | ||
| 999 |
_a220.93 P86 _wDEWEY _c22399 _i45537 _d22399 _f2021-11-9 _g5 _lCCODEBUL1 _mBUL _q2 _r0 _sY _tBOOK _u2015-6-24 _xTEOLOGIA _PP35 _0COMPRA _o.STAFF. Colección General |
||
| 980 |
_81 _gALBERTO SANCHEZ Responsable de Automatización |
||